| 000 | 00365nam a22001337a 4500 | ||
|---|---|---|---|
| 020 | _a0853641145 | ||
| 082 | _a270.0072 LAT | ||
| 100 | _aLatourette, Kenneth Scott | ||
| 245 | _aA History of The Expansion of Christianity-1: First Five Centuries: To 500 AD | ||
| 260 |
_aUSA _bHarper and Row _c1971 |
||
| 300 | _a412 | ||
| 650 | _aChristianity-History | ||
| 942 | _cBK | ||
| 999 |
_c23231 _d23231 |
||